01318nam a2200325Ia 4500003000400000005001700004008004100021020001800062040003500080041000800115084001100123100003800134245008000172250002300252264003500275300005100310336002700361337003300388338002800421490008300449521006000532650006100592650006100653650003400714650003900748700003500787942001500822999001700837952013800854OSt20201019172057.0200115s2019 ck 000 0 spa d a9789585242005 aCO-BoRNBPbspaerdacCO-BoRNBP0 aspa aA MAZ21 aMazo, Margarita deleautor 9497810aPapá dice ctexto de Margarita del Mazo ; ilustraciones de Cecilia Moreno aEdición Especial 1aBogotá bFaro Editoresc2019 a[20] páginas bilustraciones a color c16 cm 2rdacontentatextobtxt 2rdamediaasin mediaciónbn 2rdacarrieravolumenbnc0 aPlan Nacional de Lectura y Escritura Leer es mi Cuento / Ministerio de Cultura aRecomendado para público infantil mayor de 3 años. 17aÁlbumes infantiles españoles 2LEMBySiglo XX9330217aLiteratura infantil española 2LEMBvSiglo XX913507417aAmor2LEMBvÁlbumes913507517aFamilia 2LEMBvÁlbumes91350761 aMoreno, Ceciliaeautor9135077 2ddccBKLIT c12480d12480 00102ddc40708LAaBPMOSbBPMOSd2020-10-19l14m1oA MAZ2pMOS500069r2025-08-11s2025-07-14tEj 1w2020-10-19yBKLITzQuince disa